Doctor in the swim (Record no. 33005)

MARC details
000 -LEADER
fixed length control field 00259nam a2200109Ia 4500
082 ## - DEWEY DECIMAL CLASSIFICATION NUMBER
Classification number 82-3
Item number GOR
100 ## - MAIN ENTRY--AUTHOR NAME
Personal name Gordon, Richard
245 #0 - TITLE STATEMENT
Title Doctor in the swim
260 ## - PUBLICATION, DISTRIBUTION, ETC. (IMPRINT)
Place of publication England
Name of publisher Penguin
Year of publication 1977
942 ## - ADDED ENTRY ELEMENTS (KOHA)
Koha item type Books
Holdings
Withdrawn status Lost status Damaged status Not for loan Home library Current library Date acquired Cost, normal purchase price Full call number Accession Number Koha item type
        RRII Library RRII Library 16/12/2021 75.00 82-3 GOR 13506 Books